Statistics for Pokémon starting with an E (generation 1-7)

Click here to take the quiz!

General Stats

  • This quiz has been taken 4 times
  • The average score is 18 of 21

Answer Stats

GenPokémon% Correct
5Eelektrik
100%
5Eelektross
100%
1Eevee
100%
1Electabuzz
100%
4Electivire
100%
3Electrike
100%
2Elekid
100%
5Emolga
100%
2Entei
100%
5Escavalier
100%
2Espeon
100%
5Excadrill
100%
1Ekans
67%
1Electrode
67%
5Elgyem
67%
5Emboar
67%
4Empoleon
67%
1Exeggcute
67%
1Exeggutor
67%
3Exploud
67%
6Espurr
33%

Score Distribution

Percentile by Number Answered

Percent of People with Each Score

Your Score History

You have not taken this quiz